000 01063nam a2200265 a 4500
001 000046487
003 DO-SdBNP
005 20250422184250.0
008 150819s2015 dr 000 0 spa d
020 _a999349093
040 _aDO-SdBNP
_bspa
_cBNPHU
082 _a972.93054
_bS471g
111 2 _aTextos del seminario sobre la Revolución de Abril de 1965.
_d(22-24 de mayo del 2002 :
_cSanto Domingo, República Dominicana )
_974484
245 0 0 _aGuerra de abril :
_binevitalidad de la historia /
_ccompilador-editor Sócrates Suazo Ruiz ; prólogo Máximo W. Delgado.
250 _a3a ed.
260 _aSanto Domingo :
_bMinisterio de Defensa ;,
_c2015.
300 _a409 p. : ;
_c24 cm.
500 _aEdición conmemorativa del 50 aniversario
500 _aIncluye índice onomástico
504 _aBibliografías : p. 395-402
651 4 _aRepública Dominicana
_xHistoria
_yREVOLUCIÓN 1965
_xCongresos, Conferencias, Etc.
_96987
700 1 _aSuazo Ruiz, Sócrates,
_eed.
_910239
700 1 _aDelgado, Máximo W.,
_epról.
_974485
942 _2ddc
_cLBS1
999 _c45976
_d45976